| 000 | 00818cam a22002413a 4500 | ||
|---|---|---|---|
| 001 | 20232 | ||
| 003 | PGUSA | ||
| 005 | 20140828083428.0 | ||
| 008 | 061230s2006||||xxu|||||s|||||000 | eng d | ||
| 040 |
_aPGUSA _beng |
||
| 042 | _adc | ||
| 050 | 4 | _aF590.3 | |
| 100 | 1 |
_aVan Cleve, Charlotte Ouisconsin Clark, _d1819-1907 |
|
| 245 | 1 | 0 |
_a'Three Score Years and Ten' : _bLife-Long Memories of Fort Snelling, Minnesota, and Other Parts of the West _h[electronic resource] / _cCharlotte Ouisconsin Clark Van Cleve |
| 260 |
_bProject Gutenberg, _c2006 |
||
| 506 | _aPublic domain in the USA. | ||
| 516 | _aElectronic text | ||
| 653 | _aFort Snelling (Minn.) | ||
| 653 | _aFrontier and pioneer life -- Minnesota | ||
| 830 | 0 |
_aProject Gutenberg _v20232 |
|
| 856 | 4 | 0 | _uhttp://www.gutenberg.org/ebooks/20232 |
| 942 | _cEB | ||
| 999 |
_c249487 _d249487 |
||